Normale Ansicht MARC-Ansicht ISBD

Viel Altbewährtes beim nächsten Bunten Hering (Titelsatznr. 374354)

[ MARC ]
MARC-Details
000 -Satzkennung
Kontrollfeld mit fester Länge 00645nab a2200181 4500
001 - Kontrollnummer
Kontrollfeld 244442
003 - Kontrollnummer Identifier
Kontrollfeld OSt
005 - Datum und Zeit der letzten Transaktion
Kontrollfeld 20260324132223.0
007 - Feld mit fester Länge zur physischen Beschreibung - Allgemeine Information
Kontrollfeld mit fester Länge tu
008 - Feld mit fester Länge zur physischen Beschreibung - Allgemeine Angaben
Kontrollfeld mit fester Länge 260324s2020|||||||
040 ## - Katalogisierungsquelle
Original-Katalogisierungsstelle DE-2950
Übertragungsstelle DE-2950
245 00 - Titel
Titel Viel Altbewährtes beim nächsten Bunten Hering
Zusatz zum Titel Großevent. Das Hansestadtfest will vom 10. bis 12. Juli wieder Zehntausende nach Frankfurt locken. Jetzt wurde über den Stadt der Vorbereitung informiert/
Verfasserangabe etc. Thomas Meller
264 ## - Produktion, Veröffentlichung, Distribution, Herstellung und Urheberrechtsvermerk
Datum der Herstellung, der Veröffentlichung, des Vertriebs oder des Urheberschutzvermerks 2026
653 ## - Indexierungsterm - Nicht normiert
Nicht-normierter Term Frankfurt (O)
653 ## - Indexierungsterm - Nicht normiert
Nicht-normierter Term Hansestadtfest
773 0# - Übergeordnete Einheit
Verknüpfungsangaben 37. Jahrgang (2026) Nr. 67 vom 20.03.2026 , S. 13 mit Fotos
Titel Märkische Oderzeitung
942 ## - Zusätzliche Felder (Koha)
Klassifikation oder Aufstellungssystematik Andere/Generische Klassifikation
Koha-Medientyp Aufsätze
Exemplare
Ausgeschieden Verloren Klassifikation oder Aufstellungssystematik Beschädigt Nicht entleihbar Heimatbibliothek Aufenthaltsbibliothek Aufstellungsort Erwerbungsdatum Anzahl Ausleihen Signatur Letzte Aktivität Preis gültig von Koha-Medientyp
    Andere/Generische Klassifikation     Stadtarchiv Frankfurt (Oder) | Archivbibliothek Stadtarchiv Frankfurt (Oder) | Archivbibliothek Magazin 24/03/2026   Z2 24/03/2026 24/03/2026 Aufsätze